Normal view MARC view

Entry Personal Name

Number of records used in: 1

001 - CONTROL NUMBER

  • control field: 162389

003 - CONTROL NUMBER IDENTIFIER

  • control field: OSt

005 - DATE AND TIME OF LATEST TRANSACTION

  • control field: 20220923212341.0

008 - FIXED-LENGTH DATA ELEMENTS

  • fixed length control field: 220923|| aca||aabn | a|a d

040 ## - CATALOGING SOURCE

  • Original cataloging agency: OSt
  • Transcribing agency: OSt

100 ## - HEADING--PERSONAL NAME

  • Personal name: मेटरलिंक, मारिस; प्रेमचन्द, अनु

670 ## - SOURCE DATA FOUND

  • Source citation: Work cat.: (OSt)307958: मेटरलिंक, मारिस; प्रेमचन्द, अनु., शबे तार यानी अंधेरी रात, 1963
Copyright @ Delhi University Library System